| 000 | 01132nam0a22002651 4500 | ||
|---|---|---|---|
| 001 | v19\rc\2014896 | ||
| 005 | 20250620002855.0 | ||
| 035 | _a(NLR Aleph) 005096111 | ||
| 090 |
_a7346242 _c7346242 |
||
| 100 | _a20080925e19021901|||y0rusy50 ca | ||
| 101 | 0 | _arus | |
| 102 | _aRU | ||
| 105 | _ay z ||||| | ||
| 200 | 1 |
_aОб усталости _e(Предварит. сообщ.) _f[Соч.] Д-ра В.И. Руднева, орд. Одесск. психиатрич. больницы |
|
| 210 |
_aКазань _cтипо-лит. Ун-та _d1902 |
||
| 215 | _a4 с., 1 л. граф.. | ||
| 309 | _aБез тит. л. и обл. | ||
| 311 | _aОтт. из Казанск. мед. журн. 1901, т. 1, окт. | ||
| 488 | 0 |
_12001#$aКазанский медицинский журнал$v1901, т. 1, окт. _tКазанский медицинский журнал |
|
| 700 | 1 |
_4220 _aРуднев _bВ. И. _cд-р мед. наук _f1870-1951 _gВладимир Иванович _9138976 _3RU\NLR\AUTH\770139011 |
|
| 801 | 0 |
_aRU _bNLR _gpsbo |
|
| 801 | 1 |
_aRU _bProSoft-M _2rusmarc |
|
| 852 |
_aNLR _j18.332.2.347 |
||
| 942 | _cBOOK | ||
| 980 | _aNB | ||